Exhortations / (Record no. 4584)

MARC details
000 -LEADER
fixed length control field 00417nam a22001697a 4500
003 - CONTROL NUMBER IDENTIFIER
control field GBCCL
005 - DATE AND TIME OF LATEST TRANSACTION
control field 20241126110521.0
008 - FIXED-LENGTH DATA ELEMENTS--GENERAL INFORMATION
fixed length control field 180125b xxu||||| |||| 00| 0 eng d
040 ## - CATALOGING SOURCE
Transcribing agency gbc
082 ## - DEWEY DECIMAL CLASSIFICATION NUMBER
Classification number 252
Item number CHO
100 ## - MAIN ENTRY--PERSONAL NAME
Personal name Choate, J. C.
9 (RLIN) 158
245 ## - TITLE STATEMENT
Title Exhortations /
Statement of responsibility, etc. J. C. Choate
260 ## - PUBLICATION, DISTRIBUTION, ETC.
Name of publisher, distributor, etc. Church Of Christ,
Place of publication, distribution, etc. New Delhi:
Date of publication, distribution, etc. 1977
300 ## - PHYSICAL DESCRIPTION
Extent v.;
Dimensions 18 cm.
650 ## - SUBJECT ADDED ENTRY--TOPICAL TERM
Topical term or geographic name entry element Exhortation
9 (RLIN) 11483
942 ## - ADDED ENTRY ELEMENTS (KOHA)
Source of classification or shelving scheme Dewey Decimal Classification
Koha item type Books
Holdings
Withdrawn status Lost status Source of classification or shelving scheme Damaged status Not for loan Home library Current Library Shelving location Date acquired Total checkouts Full call number Barcode Date last seen Copy number Price effective from Koha item type
    Dewey Decimal Classification     GRACE BIBLE COLLEGE GRACE BIBLE COLLEGE Ministry & Mission 2018-01-25   252 CHO 000902 2025-05-01 v.2 2018-01-25 Books
    Dewey Decimal Classification     GRACE BIBLE COLLEGE GRACE BIBLE COLLEGE Ministry & Mission 2018-05-21   252 CHO 000901 2025-05-01 v.1 2018-05-21 Books
© Grace Bible College Library 2025